000 00775nam a22002657a 4500
001 7373
003 FISKH
005 20250711091416.0
008 250711b cb ||||| |||| 00| 0 eng d
020 _a9780816725496
040 _aFISKH
_beng
_cFISKH
_dFISKH
050 _aPZ10.S38 B
082 _a823.8
100 _aSewell, Anna
245 _aBlack beauty /
_cBy Anna Sewell
260 _aBradford :
_bA watermill Press ,
_c2003.
300 _a243 pages :
_billustrations ;
_c20 cm .
505 _aZ
520 _aA horse in nineteenth-century England recounts his experiences with both good and bad masters.
521 8 _a1020
_bLexile
521 8 _aZ
_bRaz-Plus
650 _aHorse
_vJuvenile fiction
942 _2ddc
_cBK
_n0
999 _c7373
_d7373